000 00820nam a2200265Ia 4500
003 OSt
005 20220930081542.0
006 a|||||r|||| 00| 0
007 ta
008 220926b |||||||| |||| 00| 0 eng d
024 _a108060
037 _cTheses
040 _aCRL
_cCRL
_beng
041 _2eng
_aeng
100 _aSachdeva Julie
_9541552
110 _aUniversity of Delhi. Faculty of Medical Sciences. Department of Medicine
245 0 _aStudy of prevalence and clinical significance of genotypes of hepatitis B virus
260 _c2009
300 _a62p.
_ap.
_ccm.
650 _aMEDICINE
700 _a Dr. A. K. Seth Gu.
700 _aUniversity of Delhi. Faculty of Medical Sciences. Department of Medicine
942 _cDIS
_2CC
999 _c871611
_d871611